Človek a spoločnosť v dejinách

Podrobná bibliografia
Korporatívny autor: Človek a spoločnosť v dejinách Trnava, Slovensko
Ďalší autori: Meliš, Bernard Jozef (Editor), Jakubík, Pavol (Editor), Gerboc, Tomáš (Editor)
Médium: Konferenčný príspevok Kniha
Jazyk:slovenčina
čeština
poľština
Fyzický popis:226 s. 25 cm
Vydavateľské údaje: Trnava Trnavský historický spolok 2007
ISBN:9788096978878 (viaz.)
Vydanie:[1. vyd.]
Predmet:

MARC

LEADER 00000nam a2200000 a 4500
001 vtls009300749
003 SK-MaSNL
005 20260302043228.0
008 160208s2007 xo g 000 0 slo
015 |a SNBA2008/08-03040 
020 |a 9788096978878 (viaz.) 
035 |a 21E0A026-D7E4-4491-B52B-2BF19FE3BA7F 
035 |a urn:nbn:sk:snk-amk7rw 
035 |a urn:nbn:sk:snk-am008ial 
040 |a SNK  |b slo  |c SNK  |e AACR2 
041 0 |a slo  |a cze  |a pol  |b ger 
044 |a xo  |c SK 
072 7 |a 316.3  |x Globálne spoločnosti. Sociálna štruktúra. Sociálne skupiny  |2 konspekt 
080 |a 316.3/.6(091)  |2 2001 
080 |a (062.534)  |2 2001 
111 2 |a Človek a spoločnosť v dejinách  |n (3. :  |d 2006 :  |c Trnava, Slovensko)  |9 697115 
245 1 0 |a Človek a spoločnosť v dejinách  |c [editori: Tomáš Gerboc, Bernard Jozef Meliš, Pavol Jakubík] 
250 |a [1. vyd.] 
260 |a Trnava  |b Trnavský historický spolok  |c 2007 
300 |a 226 s.  |c 25 cm 
504 |a Bibliogr. odkazy 
546 |a Res. nem. 
650 0 7 |a človek a spoločnosť  |2 SNKPH  |9 4102 
655 7 |a zborníky konferencií  |2 SNKPH  |9 70153 
700 1 |a Meliš, Bernard Jozef  |4 edt  |9 697116 
700 1 |a Jakubík, Pavol  |4 edt  |9 697117 
700 1 |a Gerboc, Tomáš  |4 edt  |9 480567 
919 |a 978-80-969788-7-8 
958 |a OND 
958 |a NB 
968 |d 30/31 
999 |c 1085880  |d 1087810 
952 |a SNK  |b SNK  |y PREZ  |7 0  |p 17A0589850  |o snkSC 132157  |i snk2008/11794  |8 0  |0 0  |1 0  |4 0  |d 2008-06-04  |f 1  |l 0  |r 2025-06-23 00:00:00  |w 2026-02-24 
952 |a SNK  |b SNK  |y VYP  |7 0  |p 17A0589851  |o snkSC 132157 D1  |i snk2008/11795  |8 0  |0 0  |1 0  |4 0  |d 2008-06-04  |l 0  |r 2026-02-24 16:40:13  |w 2026-02-24